00313nam a2200097Ia 4500008004100000020001800041100001800059245008000077260004000157300001800197180205s9999 xx 000 0 und d a9789715847889 aJosue, Ocenar aGeneral chemistry :bLaboratory manual and workbook for the health sciences aQuezon CitybC & E publishingc2008 avi, 121 pages